Catálogo
 En Linea

Historia del Arte Hispánico / (Registro nro. 38775)

Detalles MARC
000 -CABECERA
campo de control de longitud fija 00888nam a2200217 a 4500
001 - NÚMERO DE CONTROL
campo de control 000039285
005 - FECHA Y HORA DE LA ÚLTIMA TRANSACCIÓN
campo de control 20201002031558.0
008 - DATOS DE LONGITUD FIJA--INFORMACIÓN GENERAL
campo de control de longitud fija 130621s19781980sp ac 000 0 spa d
020 ## - NÚMERO INTERNACIONAL ESTÁNDAR DEL LIBRO
Número Internacional Estándar del Libro 8420507008
020 ## - NÚMERO INTERNACIONAL ESTÁNDAR DEL LIBRO
Número Internacional Estándar del Libro 8420506222
020 ## - NÚMERO INTERNACIONAL ESTÁNDAR DEL LIBRO
Número Internacional Estándar del Libro 8420506958
040 ## - FUENTE DE LA CATALOGACIÓN
Centro catalogador/agencia de origen DO-SdBNP
Lengua de catalogación spa
Centro/agencia transcriptor BNPHU
245 00 - MENCIÓN DE TÍTULO
Título Historia del Arte Hispánico /
Mención de responsabilidad, etc. dirección, Rogelio Buendía; coordinación, Consuelo Alvarez de Miranda.
260 ## - PUBLICACIÓN, DISTRIBUCIÓN, ETC.
Lugar de publicación, distribución, etc. Madrid :
Nombre del editor, distribuidor, etc. Alhambra,
Fecha de publicación, distribución, etc. 1978-1980.
300 ## - DESCRIPCIÓN FÍSICA
Extensión 7 v :
Otras características físicas il., restrs. ;
Dimensiones 24 cm.
500 ## - NOTA GENERAL
Nota general La biblioteca posee los volumenes; IV, V y VI
500 ## - NOTA GENERAL
Nota general Incluyen bibliográfias e índices
505 0# - NOTA DE CONTENIDO CON FORMATO
Título La antigüedad (2v.)
Información miscelánea v. 1
Título La edad media
Información miscelánea v. 2
Título El renacimiento
Información miscelánea v. 3
Título El barroco y el rococó
Información miscelánea v. 4
Título Del noclasicismo al modernismo
Información miscelánea v. 5
Título El siglo XX
Información miscelánea v. 6
700 1# - PUNTO DE ACCESO ADICIONAL--NOMBRE DE PERSONA
Nombre de persona Buendía, Rogelio
Término indicativo de función/relación dir.
9 (RLIN) 65479
700 1# - PUNTO DE ACCESO ADICIONAL--NOMBRE DE PERSONA
Nombre de persona Alvarez de Miranda, Consuelo
Término indicativo de función/relación coord.
9 (RLIN) 65480
Existencias
Estado de retiro Estado de pérdida Restricciones de uso No para préstamo Código de colección Localización permanente Ubicación/localización actual Ubicación en estantería Fecha de adquisición Número de inventario Total de préstamos Signatura topográfica completa Código de barras Fecha visto por última vez Precio válido a partir de Tipo de ítem Koha
      Excluido de préstamo Monografías: Libros y Folletos General General En catalogación 21.06.2013 LF1   v. 4 39285-10 25.06.2020 25.06.2020 No se presta
      Excluido de préstamo Monografías: Libros y Folletos General General En catalogación 21.06.2013 LF1   v. 5 39285-20 25.06.2020 25.06.2020 No se presta
    Préstamo interno   Monografías: Libros y Folletos General General En catalogación 21.06.2013 LF1   v. 6 39285-30 25.06.2020 25.06.2020 Préstamo interno

Con tecnología Koha